000 00726nam a2200289Ia 4500
005 20260324111419.0
008 008 260324s9999 xx 000 0 eng d
020 _a9781003642954
037 _aEBOOK
040 _aCRL
040 _beng
040 _cCRL
041 _2eng
041 _aeng
084 _qCRL
100 _aWindy Dryden
_91138463
245 2 _aA Critical Examination of Irvin D. Yalom’s Single-Session Consultations
245 0 _bIt is the Relationship that Heals
260 _bTaylor and Francis
260 _c2025
365 _a
365 _b82.99
856 _uhttp://www.taylorfrancis.com/books/9781003642954
942 _cEBOOK
999 _c1727275
_d1727275